| 000 | 00980cam a22003017a 4500 | ||
|---|---|---|---|
| 003 | CHAP | ||
| 005 | 20220329142235.0 | ||
| 008 | 000317d1985 it rnb 00110 spa d | ||
| 010 | _a80420 | ||
| 011 | _a81392 | ||
| 035 | _a91861 | ||
| 040 | _cCHAP | ||
| 082 | 0 | 4 |
_a636.0816 _bF3Y |
| 110 |
_aFAO. Dirección de la Biblioteca y Sistemas de Documentación _939519 |
||
| 245 | 1 | 0 |
_aProducción animal 1979-1983 : _bdocumentación de la FAO _c/por FAO |
| 260 |
_aRoma : _bFAO, _c1985. |
||
| 300 | _a46 p. | ||
| 590 |
_aBATCH-UPD _b10 _c20130110 _lUCH01 _h0604 |
||
| 590 |
_aBATCH-UPD _b10 _c20130410 _lUCH01 _h0246 |
||
| 590 |
_aBATCH-UPD _b10 _c20130914 _lUCH01 _h1502 |
||
| 590 |
_aCONVERSION _b10 _c20130109 _lUCH01 _h1345 |
||
| 650 | 1 | 4 |
_aGanadería _xBibliografía. _944660 |
| 650 | 1 | 4 |
_aGanado _xProducción _xBibliografía. _944946 |
| 901 | _aBK | ||
| 905 | _aLilia Sánchez G. | ||
| 942 | _cLIBRO | ||
| 949 |
_a636.0816 F3Y _bBC _cFAO _d33724000744561 _eFAO1 _f1979-83 _h96952 _i91861 _sb |
||
| 999 |
_c80420 _d80420 |
||